Bases, evolucin̤ y retos de la Ley de Dependencia a los diez aǫs de su aprobacin̤

Detalles Bibliográficos
Autor principal: Molero Maran̨̤, Mara̕ Luisa
Formato: eBook
Lenguaje:español
Publicado: Albacete: Editorial Bomarzo, 2017
Materias:
Acceso en línea:Acceso restringido

MARC

LEADER 00000nam a22000007a 4500
005 20190329220629.0
007 cr|||| ||||
008 190329s2017 es |||||s|||| 00||0 spa d
020 |a 978-84-16608-70-6 
035 |a 23146 
040 |a vLex 
090 |c 8531  |d 8531 
100 1 |a Molero Maran̨̤, Mara̕ Luisa 
245 1 0 |a Bases, evolucin̤ y retos de la Ley de Dependencia a los diez aǫs de su aprobacin̤  |h [Recurso electrn̤ico] /  |c Mara̕ Luisa Molero Maran̨̤ 
256 |a Servicio en ln̕ea 
260 |a Albacete:  |b Editorial Bomarzo,  |c 2017 
300 |a 1 recurso electrn̤ico 
506 1 |a Disponible solo en los productos indicados  |d vLex Global  |d vLex Global (Academic Edition, excluding Law Schools)  |d vLex Global (U.S. Academic Edition, Law Schools)  |d vLex Global (U.S. Academic Edition, excluding Law Schools)  |d vLex Global (Academic Edition, Law Schools) 
650 0 4 |a Derecho Civil  |z Espaą 
650 0 4 |a Derecho Laboral y Seguridad Social  |z Espaą 
650 0 4 |a Seguridad Social  |z Espaą 
740 0 |a vLex Libros (Servicio en ln̕ea) 
856 4 0 |u http://vlex.com/source/bases-evolucion-y-retos-de-la-ley-de-dependencia-a-los-diez-a-os-de-su-aprobacion-23146  |z Acceso restringido 
942 |c BOOK 
999 0 |a Civil Law 
999 0 |a Labor Law and Social Security 
999 0 |a Social Security